Handbuch des Arznei- und Gewürzpflanzenbaues : Drogengewinnung /
Uložené v:
| Hlavný autor: | |
|---|---|
| Médium: | Kniha |
| Jazyk: | German |
| Vydané: |
Berlin :
VEB Deutscher Landwirtschaftsverlag,
1989
|
| Vydanie: | 2. Aufl. |
| ISBN: |
3331001910 (viaz.) |
| Fyzický popis: |
792 s. |
| Tagy: |
Pridať tag
Žiadne tagy, Buďte prvý kto otaguje tento záznam!
|
Titul je dostupný aj v ... 

MARC
| LEADER | 00000nam a2200000 a 4500 | ||
|---|---|---|---|
| 001 | 000268708 | ||
| 005 | 20060822175931.0 | ||
| 008 | 060822s1989 gw e 000 0 gero | ||
| 020 | |a 3331001910 (viaz.) | ||
| 040 | |a SVKKK |b slo |c SVKKK |e AACR2 | ||
| 041 | 0 | |a ger | |
| 044 | |a gw |c DE | ||
| 100 | 1 | |a Heeger, E. F. |4 aut | |
| 245 | 1 | 0 | |a Handbuch des Arznei- und Gewürzpflanzenbaues : |b Drogengewinnung / |c E. F. Heeger |
| 250 | |a 2. Aufl. | ||
| 260 | |a Berlin : |b VEB Deutscher Landwirtschaftsverlag, |c 1989 | ||
| 300 | |a 792 s. | ||
| 919 | |a 3-331-00191-0 | ||
| 998 | |a BK | ||
| 090 | |g SCKHL |k Sklad Pribinova prízemie |a IV.156227 |j 809687 |i 2720119482 |s Absenčne | ||